Countries With The Most Proposed Supertall Skyscrapers - Statistics

General Stats
  • This quiz has been taken 31 times
  • The average score is 17 of 22
Answer Stats
# Countries % Correct
29 United States
100%
10 Canada
93%
58 China
93%
4 Japan
93%
5 Russia
93%
33 United Arab Emirates
93%
14 Saudi Arabia
90%
9 Indonesia
86%
5 Mexico
86%
6 Australia
83%
3 Brazil
83%
6 Turkey
79%
3 Thailand
76%
4 Vietnam
76%
3 Kuwait
72%
12 Malaysia
72%
5 Egypt
69%
3 Taiwan
69%
3 Bangladesh
55%
6 Israel
55%
10 Cambodia
38%
3 Mongolia
24%
No matching quizzes found
Score Distribution
Percent of People with Each Score
Percentile by Number Answered
Your Score History
You have not taken this quiz